000 00454nam a2200181Ia 4500
005 20240823042650.0
008 240823s9999||||xx |||||||||||||| ||und||
041 _aENGLISH
082 _A532 Q1
100 _aKottiswaran N
245 0 _aEngineering Mechanics statics and Dynamics
250 _a10th
260 _c2011
_b"Sri Balaji Publications,Coimb"
500 _aTRANSFERED
650 _aMechanics
_bMechanical
942 _cBK
999 _c208406
_d208406